000 00587nam a2200181Ia 4500
008 090124s9999 xx 000 0 und d
082 _b134054
_a103762
100 _aपंडित बाळ ज.
245 _a वीरेंद्र सेहवाग
250 _a1
260 _bलोकापल्ली विजय
_c2006
300 _a144
600 _aपंडित बाळ ज.
630 _a वीरेंद्र सेहवाग
700 _aपंडित बाळ ज.
730 _a वीरेंद्र सेहवाग
942 _cBOOK
999 _c181235
_d181235